00308nam a2200121Ia 4500008004100000082001600041100002200057245004500079250000900124260003600133300000900169650000800178191201s2012 xx 000 0 und d a658.15bRRF aBRIGHAM, Eugene F 0aFinancial Management Theory and Practice a11th aN.DelhibCENGAGE Learningc2012 a1067 aMBA